000 00972nam a2200265Ia 4500
003 OSt
005 20221005113525.0
006 a|||||r|||| 00| 0
007 ta
008 221004b |||||||| |||| 00| 0 pan d
020 _a9789351121992 (hbk)
_cINR 300.00
024 _a35461
037 _b1003, 13/11/2017, H.K. Prakashan
_cTextual
040 _aCRL
_cCRL
_bpan
041 _2pan
_apan
082 _aO153:g, Q7
100 _aਭੱਟੀ, ਸੁਰਜੀਤ ਸਿੰਘ, ਂਚ.
245 0 _aਸਿੱਖ ਚਿੰਤਨ
_b ਪਰੰਪਰਾ ਤੇ ਪਰਿਵਰਤਨ
260 _aਲੁਧਿਆਨਾ
_bਚੇਤਨਾ ਪ੍ਰਕਾFਨ ਭਾਰਤ
_c2017
300 _a207ਪੰ
_ccm.
650 _a ਆਲੋਚਨਾ
650 _aਪੰਜਾਾਬੀ ਸਾਹਿਤ
942 _hO153:g, Q7
_cTEXL
_2cc
999 _c1028464
_d1028464